000 00364nam a2200145Ia 4500
008 210210b2001 xxu||||| |||| 00| 0 eng d
082 _a342 PYLI
100 _aPYLEE (M V).
245 _aIndia's constitution. Rev Ed 8.
250 _a
260 _aNew Delhi.
_bS. Chand & Co. Ltd.
_c2001
300 _aix,412
690 _aIndian Constitution
906 _a057045
999 _c104470
_d104470